000 01038 a2200277 4500
001 47505
005 20260407155742.0
008 260407a2018 arg spa d
003 AR-UNSa-BCEJYS
040 _aAR-UNSa-BCEJYS
_bspa
_cAR-UNSa-BCEJYS
080 _a336.226.1
_xImpuestos a las ganancias o los beneficios (Impuesto Diferido)
245 1 0 _aReforma Ley Nº 27.430 año 2017
_pImpuesto a las ganancias
020 _a978-987-3840-68-5
264 1 _aCórdoba :
_bAsociación Cooperadora de la Facultad de Ciencias Económicas de la Universidad Nacional de Córdoba.
_c2018
300 _axvi, 374 p.
_c25 cm.
505 _a1. Introducción - 2. Generalidades - 3.
041 _aspa
942 _cBK
590 _aniveau_biblio:m niveau_hierar:0
100 1 _aManassero, Carlos José
700 1 _aAramburu, Víctor J.
700 1 _aElettore, Angel M.
700 1 _aFarré, José M.
700 1 _aVillois, Juan C.
856 4 1 _uhttps://www.biblioeco.unsa.edu.ar/pmb/images/libros/L127540.jpg
_yImagen de portada
_qimage/jpeg
999 _c4396
_d4396